00818nam a2200229Ia 4500003000900000008004100009020001800050040001600068080001300084100003100097245014800128260004400276300001100320650003200331650003100363650003100394650001900425650003000444942000700474999001700481952009000498IN-BaIIA211028s9999 xx 000 0 eng d a0-19-502832-5 cIIA Library a902bHEA aHeadrick, Daniel R.918241 4aThe tools of empire technology and European imperialism in the nineteenth centurycDaniel R. Headrick  aNew YorkbOxford University Pressc1981 ax,221p aEuropean Imperialism918242 aHistory-Imperialism918243 aImperialism History918244 aNASA Thesaurus aNineteenth Century918245 cBK c10691d10691 00104070aBANbBANcGENd1993-07-22l0o902/ HEAp11602r2021-11-05w1993-07-22yBK